000 00268nam a2200109Ia 4500
008 190216s9999||||xx |||||||||||||| ||und||
100 _aGupta M P & Saxsena
245 0 _aMercantile Law
260 _bAllied Pacific Private Limited
650 _aCommerce
942 _cBK
999 _c5407
_d5407